00876 a2200181 450000500170000000800410001702000150005804000500007304100080012311101560013124500880028726000740037530000180044965000800046765000770054771000320062471000380065620140903175100.0140422s2012 ck o fr|||| 00| 0 spa d a[sin ISBN] aCO-BoUCMbspacJose A. GerenadJose A. Gerena aspa2 aEl derecho de las minorías étnicas a la consulta previa. Retos y perspectivascArchivo General de la Nación, Bogotád5 y 6 de Diciembre de 2012 aEl derecho de las minorías étnicas a la consulta previacmemorias del seminario c2013aBogotá (Colombia)bConsejo de EstadobMinisterio del Interior a137 páginas 7aDerechos civilesxAspectos socialeszColombiavCongresos, conferencias, etc 7aMinoríasxAspectos jurídicoszColombiavCongresos, conferencias, etc1 aColombiabConsejo de Estado1 aColombiabMinisterio del Interior